<?xml version="1.0" encoding="UTF-8"?><?xml-stylesheet type="text/xsl" href="static/style.xsl"?><OAI-PMH xmlns="http://www.openarchives.org/OAI/2.0/" xmlns:xsi="http://www.w3.org/2001/XMLSchema-instance" xsi:schemaLocation="http://www.openarchives.org/OAI/2.0/ http://www.openarchives.org/OAI/2.0/OAI-PMH.xsd"><responseDate>2026-06-29T23:31:49Z</responseDate><request verb="GetRecord" identifier="oai:docta.ucm.es:20.500.14352/104382" metadataPrefix="marc">https://docta.ucm.es/rest/oai/request</request><GetRecord><record><header><identifier>oai:docta.ucm.es:20.500.14352/104382</identifier><datestamp>2025-03-18T15:16:19Z</datestamp><setSpec>com_20.500.14352_14</setSpec><setSpec>col_20.500.14352_15</setSpec></header><metadata><record xmlns="http://www.loc.gov/MARC21/slim" xmlns:dcterms="http://purl.org/dc/terms/" xmlns:xsi="http://www.w3.org/2001/XMLSchema-instance" xmlns:doc="http://www.lyncode.com/xoai" xsi:schemaLocation="http://www.loc.gov/MARC21/slim http://www.loc.gov/standards/marcxml/schema/MARC21slim.xsd">
   <leader>00925njm 22002777a 4500</leader>
   <datafield ind2=" " ind1=" " tag="042">
      <subfield code="a">dc</subfield>
   </datafield>
   <datafield ind2=" " ind1=" " tag="720">
      <subfield code="a">Dorrego Rodríguez, Abel</subfield>
      <subfield code="e">author</subfield>
   </datafield>
   <datafield ind2=" " ind1=" " tag="720">
      <subfield code="a">Camino Gutiérrez, Eliazar</subfield>
      <subfield code="e">author</subfield>
   </datafield>
   <datafield ind2=" " ind1=" " tag="720">
      <subfield code="a">Gago, Paloma</subfield>
      <subfield code="e">author</subfield>
   </datafield>
   <datafield ind2=" " ind1=" " tag="720">
      <subfield code="a">Buendia Andrés, Aranzazu</subfield>
      <subfield code="e">author</subfield>
   </datafield>
   <datafield ind2=" " ind1=" " tag="720">
      <subfield code="a">Acurio, Kiara</subfield>
      <subfield code="e">author</subfield>
   </datafield>
   <datafield ind2=" " ind1=" " tag="720">
      <subfield code="a">González Domínguez, Sergio</subfield>
      <subfield code="e">author</subfield>
   </datafield>
   <datafield ind2=" " ind1=" " tag="720">
      <subfield code="a">Juan Ferré, Lucía De</subfield>
      <subfield code="e">author</subfield>
   </datafield>
   <datafield ind2=" " ind1=" " tag="720">
      <subfield code="a">Cruz López, Fátima</subfield>
      <subfield code="e">author</subfield>
   </datafield>
   <datafield ind2=" " ind1=" " tag="260">
      <subfield code="c">2023-10-05</subfield>
   </datafield>
   <datafield ind2=" " ind1=" " tag="520">
      <subfield code="a">Equine piroplasmosis (EP) is caused by Theileria equi and Babesia caballi, transmitted by tick vectors. Horses can suffer an acute, subacute, and chronic forms of the disease, with clinical signs such as poor performance, fever, pale mucosal membranes, and jaundice. The diagnosis of EP subclinical cases is complex due to the sensitivity of real-time PCR and the limited parasite load in some carriers, making it challenging to differentiate them from seropositive, PCR negative (S+PCR-) individuals. This study aimed to describe haematological and biochemical changes in asymptomatic EP carriers, EP S+PCR- horses and control horses (EP seronegative and PCR negative). It also investigated potential haemato-biochemical markers to aid in distinguishing true EP carriers alongside molecular and serological tests. A comprehensive haematology and biochemistry profile was conducted on 410 sera and EDTA blood samples, comprising 130 EP positives by real-time PCR and competitive ELISA (cELISA) (carriers), 130 EP negatives by real-time PCR but positive to cELISA (S+PCR-) and 150 EP negative horses to real-time PCR and c-ELISA (controls). Our study confirmed that a haematological and biochemistry profile could help to differentiate between EP carriers/S+PCR- from healthy horses. Carriers and S+PCR- horses showed significant increases in the white blood cell count (WBC), high total proteins (TP) and total globulins (GLOB) concentration, and liver function markers compared to controls. Additionally, the evaluation of uric acid (UA) suggested oxidative stress in carrier horses. However, no useful haemato-biochemical diagnostic markers were identified to aid the challenging differentiation of EP carriers and S+PCR- horses, highlighting the need for improvement in molecular/serological diagnosis for these horses.</subfield>
   </datafield>
   <datafield ind1="8" ind2=" " tag="024">
      <subfield code="a">Dorrego, A., Camino, E., Gago, P., Buendia-Andres, A., Acurio, K., Gonzalez, S., de Juan, L., &amp; Cruz-Lopez, F. (2023). Haemato-biochemical characterization of equine piroplasmosis asymptomatic carriers and seropositive, real-time PCR negative horses. Veterinary parasitology, 323, 110046. Advance online publication. https://doi.org/10.1016/j.vetpar.2023.110046</subfield>
   </datafield>
   <datafield ind1="8" ind2=" " tag="024">
      <subfield code="a">0304-4017</subfield>
   </datafield>
   <datafield ind1="8" ind2=" " tag="024">
      <subfield code="a">10.1016/j.vetpar.2023.110046</subfield>
   </datafield>
   <datafield ind1="8" ind2=" " tag="024">
      <subfield code="a">https://hdl.handle.net/20.500.14352/104382</subfield>
   </datafield>
   <datafield ind1="8" ind2=" " tag="024">
      <subfield code="a">1873-2550</subfield>
   </datafield>
   <datafield ind1="8" ind2=" " tag="024">
      <subfield code="a">https://doi.org/10.1016/j.vetpar.2023.110046</subfield>
   </datafield>
   <datafield ind1="8" ind2=" " tag="024">
      <subfield code="a">37826971</subfield>
   </datafield>
   <datafield ind1="8" ind2=" " tag="024">
      <subfield code="a">https://pubmed.ncbi.nlm.nih.gov/37826971/</subfield>
   </datafield>
   <datafield ind2="0" ind1="0" tag="245">
      <subfield code="a">Haemato-biochemical characterization of equine piroplasmosis asymptomatic carriers and seropositive, real-time PCR negative horses</subfield>
   </datafield>
</record></metadata></record></GetRecord></OAI-PMH>